The valley of flowers : (Record no. 142729)

MARC details
000 -LEADER
fixed length control field 00546nam a22001817a 4500
005 - DATE AND TIME OF LATEST TRANSACTION
control field 20170720145844.0
010 ## - LCCN (DPL NO)
LC control number ENG-119255
020 ## - INTERNATIONAL STANDARD BOOK NUMBER
International Standard Book Number 9789385288418
Terms of availability 299.00
035 ## - SYSTEM CONTROL NUMBER
System control number EN-102787
037 ## - SOURCE OF ACQUISITION
Source of stock number/acquisition DBAD/PUB
082 ## - DEWEY DECIMAL CLASSIFICATION NUMBER
Classification number S
100 ## - MAIN ENTRY--PERSONAL NAME
Personal name Smythe,Frank S.
245 ## - TITLE STATEMENT
Title The valley of flowers :
Statement of responsibility, etc by Frank S.Smythe
Remainder of title an adventure in the upper himalaya /
260 ## - PUBLICATION, DISTRIBUTION, ETC. (IMPRINT)
Place of publication, distribution, etc New Delhi
Name of publisher, distributor, etc Speaking Tiger Publishing
Date of publication, distribution, etc 2015
270 ## - ADDRESS
Address 4381/4 ansari road, daryaganj
City New Delhi
Postal code 110002
300 ## - PHYSICAL DESCRIPTION
Extent xiii,261p.
Dimensions 20cm(Pbk)
942 ## - ADDED ENTRY ELEMENTS (KOHA)
Source of classification or shelving scheme Dewey Decimal Classification
Item type English Books
Classification part S
Call number suffix SMY
Holdings
Withdrawn status Lost status Not for loan Collection code Home library Current library Date acquired Source of acquisition Cost, normal purchase price Full call number Barcode Copy number Cost, replacement price Koha item type
    Not For Loan Non-fiction D.B.Act.Division Bawana 20/07/2017 DBAD/PUB 299.00 S SMY EN-102787 1 299.00 English Books

© Delhi Public Library
Hit Counter
free hit counter